8000-Meter Peaks - Statistics

General Stats
  • This quiz has been taken 147 times
  • The average score is 11 of 14
Answer Stats
Height, Mountain Range Mountain name % Correct
8,848 M (29,029 ft), Himalaya (Mahalangur Himal) Mount Everest
100%
8,611 M (28,251 ft), Karakoram K2
99%
8,091 M (26,545 ft), Himalaya Annapurna 1
93%
8,586 M (28,169 ft), Himalaya Kangchenjunga
85%
8,516 M (27,940 ft), Himalaya (Mahalangur Himal) Lhotse
85%
8,051 M (26,414 ft), Karakoram Broad Peak
80%
8,126 M (26,660 ft), Himalaya (Mansiri Himal) Nanga Parbat
80%
8,485 (27,725 ft), Himalaya (Mahalangur Himal) Makalu
79%
8,188 M (26,906 ft), Himalaya (Mahalangur Himal) Cho Oyu
77%
8,080 M (26,510 ft), Karakoram Gasherbrum 1
77%
8,035 M (26,362 ft), Karakoram Gasherbrum 2
77%
8,163 M (26,781 ft), Himalaya (Mansiri Himal) Manaslu
77%
8,027 M (26,335 ft), Himalaya (Jugal/Langtang Himal) Shishapangma
70%
8,167 M (26,795 ft) Himalaya Dhaulagiri 1
69%
No matching quizzes found
Score Distribution
Percent of People with Each Score
Percentile by Number Answered
Your Score History
You have not taken this quiz